Groups recognized as Terrorist Entities by Iran - Statistics

General Stats
  • This quiz has been taken 59 times
  • The average score is 4 of 22
Answer Stats
Answer % Correct
Islamic State of Iraq and the Levant
94%
Al-Qaeda
70%
Kurdistan Workers' Party
63%
Al-Nusra Front
20%
Kurdistan Democratic Party
19%
Kurdistan Democratic Party–Iran
19%
Kurdistan Freedom Party
15%
Party of Free Life of Kurdistan
15%
Hizb ut-Tahrir
11%
Syrian Opposition
9%
Jundallah
7%
United States Armed Forces
7%
United States CENTCOM
7%
United States Department of Defense
7%
Arab Struggle Movement for the Liberation of Ahvaz
6%
Harakat Ansar Iran
4%
Kingdom Assembly of Iran
4%
Komala–CPI
4%
Komala–KTP
4%
Komala–PIK
4%
National Liberation Movement of Ahwaz
4%
People's Mujahedin of Iran
4%
No matching quizzes found
Score Distribution
Percent of People with Each Score
Percentile by Number Answered
Your Score History
You have not taken this quiz